Statistics for GUESS THAT YOUTUBER (fr)

Click here to take the quiz!

General Stats

  • This quiz has been taken 177 times
  • The average score is 7 of 21

Answer Stats

DescriptionsRéponses% Correct
Duo iconique de YouTube, ils cumulent des millions de vues grâce a des concepts originaux comme: Stand Up de merde, le meilleur jeu en voiture et Youtube warriors.McFly et Carlito
86%
Youtuber qui a l'origine faisait du gaming pour se reconvertir petit à petit dans l'humour. En 2019, il pose sa voix sur le titre Bye Bye en duo avec JOYCA.Squeezie
76%
Youtubeuse anciennement beauté, aujourd'hui plus lifestyle, elle a connu une polémique à cause d'un masque à la cannelle. Elle a participé a des jeux TV comme DALS ou LMP.EnjoyPhoenix
59%
Il a commencé Youtube à l'âge de 11 ans. Sur sa chaîne on trouve des podcasts et des challenges notamment avec FastGoodCuisine.HugoPosay
53%
Il interviewait des candidats de Télé-réalité dans sa baignoire.Jeremstar
51%
Il est québécois, et se surnomme le "pussy slayer". Il a fait pas mal de vidéos avec les membres de la Red Box. Il a une chaîne secondaire où il parle rap.Mahdi Ba
49%
C'est une chaîne qui est réputée pour dire les plus grosses bêtises possibles. C'est une chaîne de top qui a connue plusieurs voix. Son pseudonyme comporte le nom d'un animal.Lama Faché
46%
Youtubeuse ayant pendant longtemps été en couple, son fameux "Coucou" a fait le tour des réseaux sociaux. Elle est spécialiste Disney et Pokémon.MissJirachi
44%
Il fait des tops ou plutôt des taupes.Taupe10
32%
Youtuber et chanteur, c'est un véritable couteau-suisse, sa participation à l'Eurovison en 2019 déclencha un déferlement de haine sur Twitter.Bilal Hassani
29%
Elle a participé au meilleur pâtissier sur M6. Son intro de vidéo est "Bonjour mes gourmandises".L'atelier de Roxanne
29%
Elle a fait des vidéos mode et a sorti plusieurs gamme de vêtements en collaboration avec l'enseigne de prêt-à-porter Jenyfer.Léna Situations
22%
Il a tout les iPhones possibles. Ce Youtuber tech présente des ordinateurs, smartphones et autres gadgets.Jojol
21%
Youtuber gaming qui a fait beaucoup de Minecraft. C'est l'idole du Youtuber quebecois Mahdi Ba. Le premier tome de sa série de livre portant son nom et celui de son chien cubique: Fluffy est sorti en 2017.Frigiel
18%
Youtubeuse beauté, ses plus anciennes vidéos datent de 2013.Sananas
18%
Elle réalise des covers de chansons anglophone, qu'elle traduit en français. Elle a notamment chanté This is me tiré du film: The Greatest Showman, en français.SARA'H
11%
Il sort tout les potins du Youtube Game. Sa chaîne s'inspire d'une célèbre série américaine : Gossip Girl.Gossip Youtube
10%
Ancien participant de Secret Story, il s'est reconverti en Youtubeur. Sur sa chaîne on trouve des challenges et d'autres vidéos avec ses proches.Darko CTTG
6%
Il fait des remixs d'émission TV ou de memes en musique. On compte parmi ses remixs: "la poudre de perlimpinpin" de Macron ou le "Je suis pas venu ici pour souffrir" d'une invitée de C'est mon choix.Khaled Freak
6%
C'est un youtuber lifestyle plein de second degré, ses tutos make up (pas toujours réussis) sont très drôles. La mort de son poisson rouge a fait le buzz.Lucas Dorable
5%
Ce sont deux frères qui ont une chaîne Youtube mode.SO STYLE
1%

Score Distribution

Percentile by Number Answered

Percent of People with Each Score

Your Score History

You have not taken this quiz